000
00293nam a22001337a 4500
008
171025b xxu||||| |||| 00| 0 eng d
020
_a
9780077479992
041
_a
eng
080
_a
336
100
_a
55
101
_a
TAK
245
_a
FUNDAMENTALS OF TAXATION
_c
DAN.SCH
942
_2
udc
_c
BK
999
_c
35904
_d
35904